01387nam a22003377a 4500003000500000005001700005008004100022010001000063011001000073035001000083040000900093082001900102100003300121245015400154260010100308300002100409490004800430590004100478590004100519590004100560590004200601650003400643650004500677700003300722830005600755901000700811942001000818949006500828999001700893952013900910CHAP20220329134130.0971013s1981 r 00010 d a15887 a16859 a20941 cCHAP a338.180972bG800aGuerra E., Guillermo.951122 aConsolidación y desarrollo del sistema de planeaación agropecuaria de la Secretaría de Agricultura y Recursos Hidráulicos (SARH) en Yucatán a(San José, Costa Rica) :bInstituto Interamericano de Cooperación para la Agricultura,c1981 a35 h.b; cuadros aSerie de publicaciones misceláneasv; 295 aBATCH-UPDb10c20130110lUCH01h1144 aBATCH-UPDb10c20130410lUCH01h0729 aBATCH-UPDb10c20130914lUCH01h0037 aCONVERSIONb10c20130109lUCH01h131014aAgriculturaxYucatán.9190214aPolítica agrícolaxYucatán.9903760 aSalvado I., Eduardo.91018510 aSerie de publicaciones misceláneasv; 2959104777 aBK cLIBRO a338.180972 G8bBCcLIBROd33724000415121eLIBROi20941mDsi c15887d15887 00102ddc4052708GRALaBCbBCcPA_GRALd2012-12-17fLIBROl0o338.180972 G8p33724000415121r2019-12-31 00:00:00w2019-12-31yLIBRO